Theory of knowledge for the IB diploma : course diploma (Record no. 364798)
[ view plain ]
| 000 -LEADER | |
|---|---|
| fixed length control field | 00542nam a22001697a 4500 |
| 003 - CONTROL NUMBER IDENTIFIER | |
| control field | 0 |
| 005 - DATE AND TIME OF LATEST TRANSACTION | |
| control field | 20220818102837.0 |
| 008 - FIXED-LENGTH DATA ELEMENTS--GENERAL INFORMATION | |
| fixed length control field | 220818b xxu||||| |||| 00| 0 eng d |
| 020 ## - INTERNATIONAL STANDARD BOOK NUMBER | |
| International Standard Book Number | 978-1-108-86598-2 |
| 050 ## - LIBRARY OF CONGRESS CALL NUMBER | |
| Classification number | BD161 |
| Item number | .H43 2020 |
| 245 ## - TITLE STATEMENT | |
| Title | Theory of knowledge for the IB diploma : course diploma |
| Statement of responsibility, etc | Wendy Heydorn; Susan Jesudason |
| 250 ## - EDITION STATEMENT | |
| Edition statement | 3rd ed. |
| 260 ## - PUBLICATION, DISTRIBUTION, ETC. (IMPRINT) | |
| Place of publication, distribution, etc | United Kingdom |
| Name of publisher, distributor, etc | Cambridge University Press |
| Date of publication, distribution, etc | C2020 |
| 300 ## - PHYSICAL DESCRIPTION | |
| Extent | x,684p. |
| Dimensions | 28cm. |
| Accompanying material | Includes glossary and index. |
| Type of unit | Book |
| 500 ## - GENERAL NOTE | |
| General note | Theory of knowledge. |
| 942 ## - ADDED ENTRY ELEMENTS (KOHA) | |
| Source of classification or shelving scheme | Library of Congress Classification |
| Koha item type | Books |
| Withdrawn status | Lost status | Source of classification or shelving scheme | Damaged status | Home library | Current library | Shelving location | Date acquired | Source of acquisition | Total Checkouts | Total Renewals | Full call number | Barcode | Checked out | Date last seen | Date checked out | Price effective from | Koha item type |
|---|---|---|---|---|---|---|---|---|---|---|---|---|---|---|---|---|---|
| Library of Congress Classification | Luxembourg Library | Luxembourg Library | International Baccalaureate Section | 08/18/2022 | Library Fund | 8 | 1 | BD 161 .H43 2020 | IB0303 | 12/10/2025 | 08/15/2025 | 08/15/2025 | 08/18/2022 | Books |